书目信息 |
| 题名: |
西方现代教育流派史论
|
|
| 作者: | 季苹 著 | |
| 分册: | ||
| 出版信息: | 北京 北京师范大学出版社 1995 |
|
| 页数: | 263页 | |
| 开本: | 20cm | |
| 丛书名: | ||
| 单 册: | ||
| 中图分类: | G40-06 | |
| 科图分类: | 38.1037 | |
| 主题词: | 教育学派-教育史--西方国家 , 教育史-教育学派--西方国家 | |
| 电子资源: | ||
| ISBN: | 7-303-03925-2 | |
| 000 | 00983nam0 2200277 45 | |
| 001 | 0196029099 | |
| 005 | 20070724103711.56 | |
| 010 | @a7-303-03925-2@dCNY12.00 | |
| 100 | @a19960727d1995 kemy0chiy0121 ea | |
| 101 | 0 | @achi |
| 102 | @aCN@b110000 | |
| 105 | @ay z 000yy | |
| 200 | 10 | @a西方现代教育流派史论@AXI FANG XIAN DAI JIAO YU LIU PAI SHI LUN@f季 苹著@FJI PING ZHU |
| 210 | @a北京@c北京师范大学出版社@d1995 | |
| 215 | @a263页@d20cm | |
| 300 | @a北京市社会科学理论著作出版基金资助 北京市教育科学研究“八·五”重点课题 | |
| 300 | @a英文题名:Historical analysis on schools of modern educational thoughts of west countries | |
| 314 | @a季苹,教员、硕士 | |
| 510 | 1 | @aHistorical analysis on schools of modern educational thoughts of west countries@zeng |
| 606 | @a教育学派-教育史@y西方国家 | |
| 606 | @a教育史-教育学派@y西方国家 | |
| 690 | @aG40-06 | |
| 692 | @a38.1037 | |
| 701 | 0 | @a季苹@AJI PING@4著 |
| 801 | 0 | @aCN@bTSSF@c20070724 |
| 905 | @a10447@dG40-06@e421 | |
| 西方现代教育流派史论/季 苹著.-北京:北京师范大学出版社,1995 |
| 263页;20cm |
| 北京市社会科学理论著作出版基金资助 北京市教育科学研究“八·五”重点课题.-英文题名:Historical analysis on schools of modern educational thoughts of west countries |
| ISBN 7-303-03925-2:CNY12.00 |
| ● |
| 相关链接 |
|
|
|
|
正题名:西方现代教育流派史论
索取号:G40-06/421
 
预约/预借
| 序号 | 登录号 | 条形码 | 馆藏地/架位号 | 状态 | 备注 |
| 1 | 0769507 | 207695074 | 第一样本阅览室/ [索取号:G40-06/421] | 在馆 |